000 00180nam a2200073Ia 4500
008 170620s9999 xx 000 0 und d
100 _aRAJSEKHAR T
245 0 _aINVERTIGATIV JOURNALISM
260 _bNEW DELHI SONALI
999 _c30197
_d30197